| 000 | 00612nam a2200229 a 4500 | ||
|---|---|---|---|
| 001 | BRL_664 | ||
| 005 | 20190320210836.0 | ||
| 008 | 230913s1952----fr-o######---#000-0#fre-# | ||
| 041 | _afre | ||
| 044 | _afr | ||
| 050 | 4 |
_aND553.C43 _b.S3 1952 |
|
| 100 | 1 |
_aSchmidt, Georg _924575 |
|
| 245 | 1 | 0 |
_aChagall _cpar Georg Schmidt |
| 260 |
_aParis _bFernan Hazan _c1952 |
||
| 300 |
_a[6] p. _bil., 20 laminas _c18 cm. |
||
| 440 | 0 |
_aBibliothèque Aldine Des Arts _v24 _924576 |
|
| 500 | _aAu736 | ||
| 600 | 1 | 4 |
_aChagall, Marc _d1887-1985 _922998 |
| 650 | 1 | 4 |
_aPintores franceses _97726 |
| 902 | _aGRL | ||
| 942 |
_2lcc _cB |
||
| 999 |
_c9476 _d9476 |
||